000 00669 a2200193 4500
020 _a0072829206 (hardcover)
020 _a9780072829204 (hardcover)
082 0 4 _a658
090 _c4855
_d4855
100 1 _aRoss, Stephen A.
245 1 0 _aCorporate finance /
_cStephen A. Ross.
250 _a7th ed.
260 _a[S.l.] :
_bIrwin/McGraw-Hill,
_c2004.
300 _a942 p. ;
_c26 cm.
490 1 _aMcgraw-hill/irwin series in finance, insurance, and real est.
830 0 _aMcgraw-hill/irwin series in finance, insurance, and real est.
856 4 0 _3Amazon.com
_uhttp://www.amazon.com/exec/obidos/ASIN/0072829206/chopaconline-20
942 _aNBS
_cBK
_k658.1522 ROS
999 _c347286
_d347286